MARC

LEADER 00000nam0a2200000 4500
001 136066
005 20231031140319.0
010 |a 5020172286 
020 |a RU  |b 91-57476 
035 |a (RuTPU)RU\TPU\book\147457 
090 |a 136066 
100 |a 20080418d1991 k y0rusy5003 ca 
101 0 |a rus 
102 |a RU 
105 |a y z 001zy 
200 1 |a Новь Великого океана  |f К. В. Малаховский  |g Академия наук СССР (АН СССР), Институт востоковедения (ИВ) 
210 |a Москва  |c Наука  |d 1991 
215 |a 199 с. 
320 |a Библиогр. в примеч.: с. 188-195. 
610 1 |a Тихоокеанский бассейн 
610 1 |a США 
610 1 |a внешняя политика 
610 1 |a региональная экономика 
610 1 |a Океания 
686 |a Ф4(7США)  |2 rubbk 
700 1 |a Малаховский  |b К. В.  |g Ким Владимирович  |4 070 
712 0 2 |a Академия наук СССР (АН СССР)  |b Институт востоковедения (ИВ)  |c (Москва)  |2 stltpush  |3 (RuTPU)RU\TPU\col\11263 
801 0 |a RU  |b RuMRKP  |c 19950417  |g psbo 
801 1 |a RU  |b 63413507  |c 20080418  |g PSBO 
801 2 |a RU  |b 63413507  |c 20081230  |g PSBO 
942 |c BK